000
00278nam a22001217a 4500
999
_c
534366
_d
534366
040
_c
MSOHAIL
082
_a
923.254
100
_a
Rasheed Kidwai
_9
28505
245
_a
Sonia : A Biography
260
_a
Karachi
_b
Sama Editorial
_c
c2004
300
_a
255;pxv
942
_2
ddc
_c
BK